00686 2200253 4500001002100000005001500021035002000036245007100056100001700127250000600144300003100150700002300181260004600204082001000250084001600260020002200276600003200298990001700330990001700347990001700364990001700381990001700398990001700415INLIS00000000000161920231104024156 a0010-11230000071 aManfaat Sampah Organik /cGresna Ayu W; Editor, Puput Catur Aryati0 aGresna Ayu W a- a90 hlm. :bilus. ;c25 cm.0 aPuput Catur Aryati aSidoarjo :bMasmedia Buana Pustaka,c2017 a628.4 a628.4 GRE m a978-602-6317-09-4 4aTeknologi Pengolahan Sampah a05048/P/2023 a05049/P/2023 a05149/P/2023 a05048/P/2023 a05148/P/2023 a05149/P/2023